000 01771nam0a2200313 i 4500
001 RU\NLR\bibl\1946888
005 20240921141643.0
010 _a9785764103013
_9100
021 _aRU
_b2012-61942
_94539
035 _a(NLR Aleph) 001936083
090 _a3501574
_c3501574
100 _a20120920d2012 u y0rusy50 ca
101 0 _arus
102 _aRU
105 _aa |||||||||
200 1 _aПланирование и организация эксперимента в строительстве
_eучебное пособие
_fВ.С. Меркушева, П.В. Бобарыкин, Т.М. Немченко
_gФедерал. агентство ж.-д. транспорта, Федерал. гос. бюджет. образоват. учреждение высш. проф. образования "Петербургский гос. ун-т путей сообщения", Ин-т повышения квалификации и переподгот. кадров
210 _aСанкт-Петербург
_cПГУПС
_d2012
215 _a64 с.
_cил.
_d20
320 _aБиблиогр.: с. 64 (7 назв.)
606 1 _aСтроительное дело
_jУчебные издания для высших учебных заведений
_xЭкспериментальные исследования
_91809124
_3RU\NLR\auth\661109197
686 _aН.с101я73-1
700 1 _aМеркушева
_bВ. С.
_gВиктория Сергеевна
_4070
701 1 _aБобарыкин
_bП. В.
_gПавел Владимирович
_4070
701 1 _aНемченко
_bТ. М.
_gТатьяна Михайловна
_4070
801 0 _aRU
_bNLR
_c20120920
_gRCR
801 1 _aRU
_bNLR
_c20120920
942 _cBOOK
980 _aNBR